[Event "Rilton Cup 45th"]
[Site "Stockholm"]
[Date "2016.01.02"]
[Round "6"]
[White "Donchenko, Alexander"]
[Black "Alekseev, Evgeny V"]
[Result "1-0"]
[WhiteElo "2588"]
[BlackElo "2642"]
[Annotator "CB"]
[PlyCount "87"]
[EventDate "2015.12.27"]
[EventType "swiss"]
[EventRounds "9"]
[EventCountry "SWE"]
[SourceTitle "CBM 170 Extra"]
[Source "ChessBase"]
[SourceDate "2016.02.25"]
[SourceVersion "1"]
[SourceVersionDate "2016.02.25"]
[SourceQuality "1"]

1. d4 Nf6 2. c4 e6 3. g3 Bb4+ 4. Bd2 Be7 5. Bg2 d5 6. Nf3 O-O 7. O-O c6 8. Qc2
b6 9. Bf4 Nbd7 10. Rd1 Bb7 11. Ne5 Nh5 12. Bd2 (12. Bc1 Nhf6 13. cxd5 cxd5 14.
Nc6 Bxc6 15. Qxc6 Rc8 16. Qa4 Qc7 17. Nc3 Qb7 18. Bf4 a6 19. Qc2 b5 20. Qd3 Nb6
21. Rac1 Qd7 22. b3 Rc6 23. Nb1 Rfc8 24. Rxc6 Rxc6 25. Rc1 Nc8 26. Rxc6 Qxc6
27. Qc3 Na7 28. Kf1 h6 29. Bd2 Ne4 30. Qxc6 Nxd2+ 31. Nxd2 Nxc6 32. e3 Nb4 33.
a4 bxa4 34. bxa4 Na2 35. Nb1 f5 36. Bf3 Kf7 37. Be2 a5 38. f4 g5 39. h3 Kg6 40.
Bb5 Kf6 41. Kf2 Bb4 42. Ke2 gxf4 43. gxf4 Nc3+ {1/2-1/2 (43) Donchenko,A (2567)
-Bindrich,F (2610) Dresden 2015}) 12... Nhf6 13. cxd5 cxd5 14. Nc6 Bxc6 15.
Qxc6 Rc8 16. Qb5 {Weiß hat das Läuferpaar gewonnen, Schwarz pocht hingegen auf
die große Remisbreite in einer symmetrischen Struktur sowie eine Stellung ohne
Schwächen.} Nb8 {beginnt die Standart-Umgruppierung beider Springer.} 17. e3
Ne8 18. Nc3 Nd6 19. Qe2 Nc6 20. Be1 Bf6 21. Rac1 Qd7 {Diagramm [#] beide
Seiten haben ihre Figuren postiert, nun liegt es am Weißen, einen
durchschlagenden Plan zu präsentieren.} 22. Qg4 $146 {[%csl Gd5][%cal Rc3d5]
gefällt mir gut, da Weiß dem ohnehin etwas gedürckt stehenden Schwarzen ein
weiteres Feld im eigenen Lager streitig macht.} (22. Nb5 $6 {damit hat
Alekseev, ein Experte dieser Variante, bereits Erfahrung gemacht.} Nf5 {
Schwarz lehnt den Tausch ab und der Sb5 steht falsch.} 23. Bf1 g6 24. Nc3 Bg7
25. Qc2 Qb7 26. Qa4 Nb8 27. Ne2 Rfd8 28. Rxc8 Rxc8 29. Rc1 Rxc1 30. Nxc1 Nd6
31. Nd3 Nc6 32. Nb4 Nxb4 33. Bxb4 Bf8 34. Qc2 Qc8 35. Qxc8 {1/2-1/2 (35)
Mchedlishvili,M (2651)-Alekseev,E (2683) Germany 2012}) 22... Qe7 (22... Qb7 {
[%cal Rg2b7] sieht unangenehm aus, da nach der ohnehn geplanten Verdopplung in
der c-Linie Einschläge auf d5 drohen.}) 23. Rd2 Qd8 (23... Rc7 $2 {zeigt die
taktische Anfälligkeit der De7} 24. Bxd5 $1 exd5 25. Nxd5 Qd8 26. Nxc7 Qxc7 27.
Rdc2 $18) 24. b3 g6 25. Bf1 {zieht den Läufer von d5 ab, nimmt aber die
wichtigen Felder a6 und b5 unter Kontrolle. Schwarz kann nun seine Figuren auf
der c-Linie verdoppeln, ist aber zu spät dran.} Rc7 26. Qd1 $1 {auf den ersten
Blick, wirkt der weiße Figurenhaufen auf den ersten beiden Reihen wie
hingewürfelt, doch jede Figur erfüllt ihren Zweck und der Kampf um die
spielentscheidende c-Linie ist in nur wenigen Zügen gewonnen.} Qc8 {Schwarz
ist nun ein Tempo zu langsam, Weiß gewinnt die Kontrolle über die c-Linie.} (
26... Qa8 27. Nb5 Nxb5 28. Bxb5 Rfc8 $2 29. Ba6 Re8 30. Rdc2 $18 {[%cal Gb3b4,
Gb4b5]}) 27. Nb5 Nxb5 28. Bxb5 Qb7 29. Bxc6 Rxc6 30. Rxc6 Qxc6 31. Rc2 Qb7 32.
Qc1 $16 {Diagramm [#]} Qa6 (32... a5 $1 {nebst langer passiver Verteidigung
wäre nötig gewesen. Der schwarze Versuch, Gegenspiel zu organisieren,
scheitert.} 33. b4) 33. Bb4 Rd8 34. a4 h5 35. Rc7 Qe2 {bricht alle Brücken
hinter sich ab. Weiß bleibt jedoch ruhig, steckt das Material ein und
verhindert danach die wenigen Drohungen von Schwarz: 1-0} (35... h4 36. Qc2 $1
$16 {[%csl Ga6]}) 36. Rxa7 h4 37. Qc7 Qd1+ 38. Kg2 h3+ 39. Kxh3 Qh5+ 40. Kg2 g5
41. h3 Qg6 42. g4 Kg7 43. Bd6 Rh8 44. Be5 1-0

[Event "Reggio Emilia 9596 38th"]
[Site "Reggio Emilia"]
[Date "1996.01.05"]
[Round "8"]
[White "Epishin, Vladimir"]
[Black "Belotti, Bruno"]
[Result "1-0"]
[WhiteElo "2645"]
[BlackElo "2390"]
[Annotator "Cifuentes Parada,L"]
[PlyCount "99"]
[EventDate "1995.12.28"]
[EventType "tourn"]
[EventRounds "9"]
[EventCountry "ITA"]
[EventCategory "14"]
[SourceTitle "CBM 051"]
[Source "ChessBase"]
[SourceDate "1996.04.01"]
[SourceVersion "1"]
[SourceVersionDate "1996.04.01"]
[SourceQuality "1"]

1. d4 Nf6 2. Nf3 e6 3. c4 d5 4. g3 Be7 5. Bg2 O-O 6. Qc2 Nbd7 7. O-O c6 8. Rd1
b6 9. b3 Bb7 (9... Ba6 $5) 10. Nc3 Rc8 11. e4 dxe4 (11... c5 12. exd5 exd5 13.
Bb2 $5 dxc4 14. d5 $1 Bd6 (14... Ne8 15. Nb5 a6 16. Na7 $1 Rc7 17. Nc6 Bxc6 18.
dxc6 Rxc6 19. Ne5 Rd6 20. Nc6 $18 {Kasparov,G-Kamsky,G /simul USA 1989}) 15.
bxc4 a6 16. a4 Ne5 17. Nd2 Re8 18. Re1 Rc7 19. a5 $1 bxa5 20. Nce4 Nxe4 21.
Nxe4 Rce7 22. Qc3 f6 $8 23. Nxd6 Qxd6 24. Re3 $16 {Cifuentes,R-Giorgadze,G /
Ubeda op 1996}) 12. Nxe4 c5 (12... Nxe4 13. Qxe4 Re8 14. Bb2 Rc7 15. Qe2 Bf6
16. Ne5 Qe7 17. Ng4 $16 {Kasparov,G-Ballmann,M /simul Basel 1988}) 13. Nxf6+
Bxf6 14. Ng5 $1 Bxg5 15. Bxb7 Rc7 16. Be4 $6 (16. dxc5 $1 Bxc1 17. Raxc1 Rxb7
18. c6 Rc7 19. Rxd7 Rxd7 20. cxd7 Qxd7 21. Rd1 Qe7 22. Qd3 $14 {Yusupov,
A-Beitar,H /Salonica (ol) 1988}) 16... f5 17. Bg2 cxd4 $6 (17... Bf6 $1 18. Bb2
(18. Bf4 Bxd4 19. Bxc7 Qxc7 20. Rac1 f4 21. Rd2 Nf6 $44) 18... cxd4 19. Bxd4 e5
20. Bc3 e4 $13) 18. Bxg5 Qxg5 19. Rxd4 e5 20. Rd5 Qe7 (20... e4 $2 21. Qxe4)
21. Re1 g6 (21... e4 22. f3 $16) 22. Qd2 $6 (22. Qc3 $1 $14) 22... Kg7 $1 23.
Qc3 Kh6 $1 24. a4 Rf7 25. a5 Rc5 26. Rxc5 Qxc5 27. b4 Qd6 28. Bd5 Re7 29. Rd1
e4 $132 30. c5 $5 bxc5 31. b5 f4 (31... Qe5 32. Qe3+ (32. Qb3 Nf6 33. b6 axb6
34. axb6 Nxd5 35. Rxd5 Qa1+ 36. Rd1 Qe5 37. Rd5 $10) 32... Kg7 33. Bc6 Nf6 $13)
32. gxf4 Nf6 $1 (32... Qxf4 $2 33. Qe3 $1 Qxe3 (33... g5 34. Qxf4 gxf4 35. Bc6
Nf6 36. b6 axb6 37. axb6 Rg7+ 38. Kf1 Rg8 39. b7 f3 40. Rb1 Rb8 41. Ra1 $18)
34. fxe3 Nf6 35. Bc6 Rc7 36. Rd6 Kg5 37. b6 axb6 38. axb6 Rc8 39. b7 Rb8 40.
Rd1 $18) 33. Bb3 Qxf4 34. Qe3 g5 $1 $13 (34... Qxe3 35. fxe3 Rb7 36. Bc4 Ng4
37. a6 $1 Rb8 38. Rd7 (38. Rd5 $2 Nxe3 39. Rxc5 Nxc4 40. Rxc4 Rxb5 41. Rxe4 Rb6
$17) 38... Nxe3 (38... Ne5 39. Rb7 Rd8 40. Be2 $13) 39. Be2 Ra8 40. Rc7 $44)
35. b6 axb6 36. axb6 Qe5 37. Bc4 Kg7 38. h3 h6 39. Rb1 Rb7 40. Ba6 Rb8 41. b7
Qd6 42. Bf1 Qd5 $1 43. Ba6 Qa2 $2 (43... Qd6 $10) (43... Qc6 $2 44. Qg3 $1 Nd7
45. Rd1 $18) 44. Rb6 Qa1+ (44... Nd5 $2 45. Qxc5 Nxb6 46. Qe5+ Kf7 47. Qxb8 $18
) 45. Bf1 Qe5 46. Qa3 $1 Nd7 47. Rb1 Rf8 48. Bg2 c4 49. Qe3 Nf6 $2 (49... Re8
50. Rb4 Rb8 51. Bxe4 $6 Nc5 $1 52. Bg2 Qxe3 53. fxe3 c3 54. Rc4 Nxb7 $1 55.
Rc7+ Kf6 56. Bxb7 c2 $10) 50. b8=Q $1 1-0

[Event "NED-GER m"]
[Site "Venlo"]
[Date "2000.08.24"]
[Round "1.2"]
[White "Dautov, Rustem"]
[Black "Tiviakov, Sergei"]
[Result "1/2-1/2"]
[WhiteElo "2606"]
[BlackElo "2608"]
[Annotator "Dautov,R"]
[PlyCount "81"]
[EventDate "2000.08.24"]
[EventType "team"]
[EventRounds "4"]
[EventCountry "NED"]
[SourceTitle "CBM 079"]
[Source "ChessBase"]
[SourceDate "2000.11.21"]
[SourceVersion "1"]
[SourceVersionDate "2000.11.21"]
[SourceQuality "1"]
[WhiteTeam "Germany"]
[BlackTeam "Netherlands"]
[WhiteTeamCountry "GER"]
[BlackTeamCountry "NED"]

1. d4 {Tiviakov} Nf6 2. c4 e6 3. g3 d5 4. Nf3 Bb4+ 5. Bd2 Be7 6. Bg2 c6 7. Qc2
b6 8. Bf4 O-O 9. O-O Bb7 10. Rd1 Nbd7 11. Nc3 dxc4 12. Nd2 Nd5 13. Nxc4 Nxf4 {
'!' Tiviakov.} 14. gxf4 Qc7 (14... g6 15. e3 Nf6 16. a3 Nd5 17. Rac1 Rc8 18.
Ne5 Kg7 19. Qa4 a6 20. Qb3 Rc7 21. Na4 b5 22. Nc5 $16 {Wojtkiewicz,A-Wolff,P/
New York 1994}) (14... Rc8 $5 {Tiviakov}) (14... Nf6 $5 {Tiviakov}) 15. e3 Rac8
(15... f5 16. Rac1 Rf6 17. Ne2 Rg6 18. Ng3 Rc8 19. Qe2 Qb8 20. a3 Rf6 21. Ne5
Nxe5 22. dxe5 Rg6 23. Rd7 Rc7 24. Rcd1 $16 {Astrom,R-Engqvist,T/Haninge 1997})
(15... f5 {Tiviakov}) 16. Rab1 {Ein kritischer Moment. Weiß bereitet b2-b4 vor,
jedoch wirkt der Turm auf b1 etwas künstlich.} ({Die richtige Spielweise wurde
ein Monat später von J.Lautier demonstriert:} 16. Rac1 $1 Nf6 17. a3 Nd5 (17...
Rfd8 18. b4 $14) 18. Ne5 Bd6 (18... f6 $4 19. Nxd5 exd5 20. Bxd5+ $18) 19. Qa4
Nxc3 20. Rxc3 Bxe5 21. fxe5 f6 22. f4 Ba8 23. b4 $16 {Lautier,J-Tiviakov,S/
Mondariz zt 2000}) (16. a3 $5 {Tiviakov}) (16. Rac1 {Tiviakov}) 16... Nf6 17.
b4 Nd5 $1 $146 {Schwarz plant Gegenspiel am Königsflügel, deswegen läßt er
seinen Turm auf f8 stehen.} ({Weniger überzeugend wirkt} 17... Rfd8 18. Rdc1
Nd5 19. a3 Qb8 {'=' Tiviakov.} (19... f5 $11 {Tiviakov}) 20. Ne4 c5 $2 {
Dieser Zug paßt nicht in das schwarze Konzept der passiven Verteidigung.} 21.
dxc5 bxc5 22. b5 {'+/-' Tiviakov. Tiviakov: 'Gulko,B-Begovac,J/Sombor 1974/MCD'
} Nf6 23. Na5 Bxe4 24. Bxe4 Nxe4 25. Nc6 Qb7 26. Qxe4 $16 {Gulko,B-Begovac,J/
Sombor 1974}) 18. a3 f5 $1 {'!?' Tiviakov. Der Plan von Schwarz ist leicht zu
verstehen, der Hebel g7-g5 wird vorbereitet und der auf e5 erscheinende weiße
Springer sofort abgetauscht.} (18... Rfd8 {Tiviakov}) 19. Ne5 (19. Rbc1 Bf6 (
19... Rfd8 {Tiviakov}) 20. Qb3 Qe7 $132) (19. Rdc1 {Tiviakov} Bf6 $11 (19...
Rfd8)) 19... Bd6 20. Rbc1 (20. Nc4 {Tiviakov} Be7) 20... Qe7 21. Qa4 {'?!'
Tiviakov.} (21. Kh1 $6 {Sowohl hier, als auch früher oder später hat Schwarz
eine starke Reaktion auf diesen prophylaktischen Zug parat:} Nxc3 22. Qxc3 c5
$36 {, und nach} 23. Bxb7 $4 {wird der Läufer mit Schach zurückgenommen.} Qxb7+
$17) (21. Qb3 {Tiviakov} Kh8 $11) 21... a6 22. Qb3 (22. Nxd5 cxd5 23. Qd7 Rfd8
24. Qxe7 Bxe7 $11 {führt zum Ausgleich, womit Weiß sich begnügen sollte.})
22... g5 $1 {Tiviakov: '[|^<->g, /^h1-a8]' Die Zeit ist reif für diesen
energischen Zug. Schwarz übernimmt die Initiative.} 23. fxg5 {'?!' Tiviakov.} (
23. Nxd5 $142 {Tiviakov} cxd5 $11) 23... Bxe5 {'!' Tiviakov.} (23... Qxg5 {
Tiviakov} 24. f4 $14) 24. dxe5 Qxg5 {'=/+' Tiviakov.} 25. Kh1 (25. f4 $6 Qg7 (
25... Qg6 {Tiviakov} 26. Nxd5 (26. Ne2 c5 $17) (26. Kf2 Kh8 $15 {|^}) 26...
cxd5 27. Kh1 $15) 26. Ne2 $1 (26. Kh1 $2 Nxe3 27. Qxe6+ (27. Rg1 Nxg2 28. Rxg2
c5 29. Qxe6+ Kh8 30. Nd5 Qf7 31. Qxf7 Rxf7 $19) 27... Kh8 28. Rg1 c5 $19) (26.
Nxd5 cxd5 27. Kh1 d4 $1 28. Qxe6+ Kh8 $17) 26... c5 27. Ng3 Kh8 28. bxc5 bxc5
29. Rc4 Rg8 $15 {/\h5}) 25... Kh8 ({In Frage kam der Zwischenzug} 25... Qh4 $5
26. Qb2 (26. e4 $2 Nf4 27. Rd7 Ba8 28. Rg1 Kh8 $17) 26... f4 27. Rd4 $13) (
25... Qh4 $5 $15 {Tiviakov}) 26. f4 Qh5 $1 {Tiviakov: '[/^d1-h5]' Dies ist das
beste Feld für die schwarze Dame.} (26... Qg7 27. Nxd5 cxd5 28. Rxc8 Rxc8 29.
Qb2 $11 (29. Bf3 $11)) (26... Qh4 {Tiviakov} 27. Nxd5 cxd5 28. Qb2 $11) 27.
Nxd5 cxd5 28. Qb2 (28. Qd3 {Tiviakov} Rc4 $15 {/\b5}) 28... Rg8 {'?!' Tiviakov.
} ({Als Gewinnversuch kam in Frage} 28... Rc4 $5 29. Rg1 b5 {'=/+' Tiviakov.}
30. Qf2 Rfc8 31. Rxc4 bxc4 {, obwohl Weiß dank dem passiven schwarzen Läufer
und dem schwachen schwarzen König das Gleichgewicht aufrechterhalten kann. Z.B.
} 32. Bf3 Qf7 33. h3 Qe7 34. Kh2 c3 35. Rc1 a5 36. bxa5 Qxa3 37. Rc2 Qxa5 38.
Qh4 Qd8 39. Qxd8+ Rxd8 40. Rxc3 $11) (28... Rc7 {Tiviakov} 29. Rg1 $11) (28...
b5 $15 {(Tiviakov) /\Rc4}) 29. Rg1 $11 Rxc1 30. Rxc1 Rc8 $2 {'(+)?!' Tiviakov.}
(30... Rg7 $11 {Ein Zeitnotfehler. Der Abtausch der Türme ist für Weiß
ausgesprochen günstig. Richtig war 30...Rg7.}) (30... Qg4 $11 {Tiviakov} 31.
Qd2 $140 (31. Qf2 Qg7) 31... Qg7 {/\d4}) 31. Rxc8+ Bxc8 32. h3 $2 {'(+)?!'
Tiviakov. Weiß unterläßt seinerseits eine gute Möglichkeit.} ({Nach} 32. Qd4 $1
Qe2 (32... b5 33. h3 Qf7 34. Qc5 $14) 33. h3 Qb5 34. a4 $1 {'+/=!' Tiviakov.}
Qc6 (34... Qxa4 35. Qxb6 $14 {><a6}) 35. a5 bxa5 36. bxa5 $14 {könnte er ein
vorteilhaftes Endspiel erreichen. Mit dem schlechten Bc8 könnten Schwarz
einige Verteidigungsqualen bevorstehen.}) (32. Qc1 {Tiviakov} Bb7 {/\Qf7}) (32.
Qc2 {Tiviakov} Bb7 {/\Qf7}) 32... Qe8 $1 $11 {'=' Tiviakov. Das Feld c5 bleibt
unter schwarzer Kontrolle, die Stellung ist gleich.} 33. Qc2 Qd7 34. Qf2 Qd8
35. Kh2 Bd7 36. Bf3 a5 37. Qe1 Kg8 38. Bh5 Kf8 39. Bf3 Be8 40. bxa5 (40. Qc3 {
Tiviakov} axb4 41. Qxb4+ Kg7 $11) 40... bxa5 41. Qc3 1/2-1/2

[Event "IBM-19 Grootmeestergroep A"]
[Site "Amsterdam"]
[Date "1979.07.15"]
[Round "4"]
[White "Andersson, Ulf"]
[Black "Farago, Ivan"]
[Result "1-0"]
[WhiteElo "2560"]
[BlackElo "2510"]
[Annotator "Dolmatov,S"]
[PlyCount "111"]
[EventDate "1979.07.11"]
[EventType "tourn"]
[EventRounds "13"]
[EventCountry "NED"]
[EventCategory "12"]
[SourceTitle "MCL"]
[Source "ChessBase"]
[SourceDate "1999.07.01"]
[SourceVersion "1"]
[SourceVersionDate "1999.07.01"]
[SourceQuality "1"]

1. c4 Nf6 2. Nf3 e6 3. d4 d5 4. g3 Be7 5. Bg2 O-O 6. O-O Nbd7 7. Qc2 c6 8. b3
b5 9. c5 Ne4 10. Nbd2 f5 11. Bb2 Qc7 (11... b4 $5 12. a3 Ba6 13. Rfe1 bxa3 14.
Rxa3 Bb5 $10) 12. b4 a5 13. a3 Ba6 $6 (13... Bf6 $13 14. Nb3 a4 15. Nc1 e5 16.
dxe5 Nxe5 17. Nxe5 Bxe5 18. Nd3 Bxb2 19. Qxb2 Be6 $10) 14. Nb3 a4 15. Nc1 Rae8
16. Nd3 Ng5 17. Nfe5 Nxe5 18. dxe5 Bc8 19. h4 Nf7 $6 (19... Ne4 $5 20. Kh2 g5
21. hxg5 (21. f3 $2 gxh4 22. gxh4 Bxh4 23. fxe4 Qg7 $40 (23... fxe4 $44)) 21...
Bxg5 22. f3 $2 Nd2) 20. Qc3 Kh8 21. Kh2 Nh6 22. Bh3 g5 (22... Bd7 $5 $10 {
P d8, e8-e7, d7-e8-h5}) 23. hxg5 Bxg5 24. Bc1 Qg7 25. Bxg5 Qxg5 26. Qd4 Rg8 27.
Rh1 Ref8 28. Nf4 Nf7 (28... Bd7) 29. Kg2 Qg7 30. Nd3 f4 $2 (30... Bd7 $10) 31.
Qxf4 (31. Nxf4 Qxe5 32. Qxe5+ Nxe5 33. Nxe6 Bxe6 34. Bxe6 Rg6 35. Bh3 Nc4 $44)
31... Ng5 32. Qh4 Ne4 33. Bg4 Rf7 34. Bf3 Nd2 35. Rh3 Nc4 36. Qd4 Bd7 37. Qc3 (
37. Rh5 $5 Rgf8 38. Qh4 $16) 37... Qg5 38. Rah1 Rgg7 39. Rh5 Qd2 40. Qxd2 Nxd2
41. Rh6 Nc4 42. Bh5 Re7 43. Ra1 $18 Rg8 44. g4 Kg7 45. g5 Kh8 46. f4 Be8 47.
Bxe8 Rexe8 48. Rf6 Rg6 49. Kg3 Kg7 50. Ne1 Nd2 51. Nf3 Nb3 (51... Ne4+ 52. Kg4
Nxf6+ 53. exf6+ $18) 52. Rh1 d4 53. Rh6 d3 54. exd3 Rd8 55. Rxe6 Rxd3 56. Rd6
1-0

[Event "Bad Ragaz Accentus YM"]
[Site "Bad Ragaz"]
[Date "2016.04.08"]
[Round "3"]
[White "Loetscher, Roland"]
[Black "Bluebaum, Matthias"]
[Result "0-1"]
[WhiteElo "2435"]
[BlackElo "2628"]
[Annotator "Fischer,J"]
[PlyCount "72"]
[EventDate "2016.04.06"]
[EventType "tourn"]
[EventRounds "9"]
[EventCountry "SUI"]
[EventCategory "9"]
[SourceTitle "CBM 171 Extra"]
[Source "ChessBase"]
[SourceDate "2016.04.26"]
[SourceVersion "1"]
[SourceVersionDate "2016.04.26"]
[SourceQuality "1"]

1. d4 d5 2. c4 e6 3. Nf3 Nf6 4. g3 Bb4+ 5. Bd2 Be7 6. Bg2 O-O 7. O-O c6 8. Bf4
Nbd7 9. Qc2 b6 10. Rd1 Ba6 11. Ne5 Rc8 12. cxd5 Nxd5 13. Nc3 ({White can also
take on c6. However, after the computer moves} 13. Nxc6 Nb4 14. Qa4 Nxc6 15.
Bxc6 (15. Qxa6 $6 Nc5 $15) 15... Bxe2 16. Rc1 (16. Re1 b5 17. Qxa7 Rxc6 18.
Rxe2 Nf6 $11) 16... Nb8 {Black has fully equalized.}) 13... Nxe5 14. Bxe5 f6
15. Bf4 Nxf4 16. gxf4 f5 17. e3 Bb7 {[#]The position seems to be equal and
White seems to have play on the queenside. But in the game Black surprisingly
quickly manages to develop a ferocious attack on the kingside.} 18. Qe2 $146 ({
A new move. In a previous game White played} 18. Rac1 {but also fell victim to
a kingside attack:} Rf6 19. Qa4 Rg6 20. Ne2 a5 21. Ng3 h5 22. Nxh5 Rxg2+ 23.
Kxg2 Qe8 24. Qb3 Qxh5 25. Qxe6+ Kf8 26. Qd7 Ba6 27. Rg1 c5 28. dxc5 Rd8 29. Qe6
Qg4+ 30. Kh1 Bb7+ 31. c6 Qf3+ 32. Rg2 Rd1+ {0-1 (32) Mchedlishvili,M (2607)
-Parligras,M (2584) Germany 2015}) 18... Rf6 19. Rd2 Rh6 {At first sight it is
hard to imagine what the rook is doing here. After all, White's kingside seems
to be solid enough.} 20. Rad1 Bd6 21. h3 {[#]} Kh8 $1 {Intending to play ...g5
to attack down the g-file - and against this plan White is surprisingly
helpless.} 22. Nb5 Bb8 23. Na3 g5 24. fxg5 Qxg5 25. f4 Qg7 26. Kh2 Rg8 27. Qf2
c5 $1 {Letting the white-squared bishop join the attack.} 28. dxc5 ({After} 28.
Bxb7 $4 {Black has the tactical shot} Rxh3+ $1 29. Kxh3 Qg4+ 30. Kh2 Qh5+ 31.
Qh4 Qxh4#) 28... e5 $1 {And this invites the black-squared bishop to join the
party.} 29. Rd8 exf4 30. Rxb8 Rxb8 {[#]} 31. Bxb7 ({White has no adequate
defense, e.g.} 31. c6 fxe3 32. Qxe3 Rg8 {with a winning attack.}) ({or} 31.
exf4 Rg8 32. Rg1 Rg6 33. Bxb7 Rxg1 {and Black is material up and has a strong
attack.}) 31... Rxh3+ $1 32. Kxh3 Qg4+ 33. Kh2 Qh5+ 34. Kg1 (34. Kg2 Rg8+ {
does not change much.}) 34... Qxd1+ 35. Kh2 Qh5+ 36. Kg1 Rg8+ 0-1

[Event "Bilbao Masters 9th"]
[Site "Bilbao"]
[Date "2016.07.20"]
[Round "7"]
[White "Giri, Anish"]
[Black "Karjakin, Sergey"]
[Result "1/2-1/2"]
[WhiteElo "2785"]
[BlackElo "2773"]
[Annotator "Fischer,J"]
[PlyCount "85"]
[EventDate "2016.07.13"]
[EventType "tourn"]
[EventRounds "10"]
[EventCountry "ESP"]
[EventCategory "22"]
[SourceTitle "CBM 174"]
[Source "ChessBase"]
[SourceDate "2016.09.13"]
[SourceVersion "1"]
[SourceVersionDate "2016.09.13"]
[SourceQuality "1"]

1. d4 Nf6 2. c4 e6 3. g3 Bb4+ 4. Bd2 Be7 5. Bg2 d5 6. Nf3 O-O 7. O-O c6 8. Qc2
Nbd7 9. Bf4 b6 10. cxd5 (10. Rd1 Bb7 11. Nc3 dxc4 12. Nd2 Nd5 13. Nxc4 Nxf4 14.
gxf4 Qc7 15. e3 {1-0 (55) Wang,Y (2718)-Harikrishna,P (2753) Huaian 2016})
10... cxd5 11. Rc1 Bb7 12. Qb3 Rc8 13. Rxc8 Qxc8 14. Nc3 Nh5 15. Bg5 Bxg5 16.
Nxg5 Qb8 (16... Nhf6 17. e3 a6 18. Rc1 Qc7 19. Bf1 Rc8 20. Nf3 Ne4 21. Bd3 Qd8
22. Ne2 Rxc1+ 23. Nxc1 g6 24. Ne2 Qf6 25. Bxe4 dxe4 26. Ne5 Nxe5 {1/2-1/2 (26)
Straka,Z (2547)-Pessoa,F (2566) ICCF email 2013}) 17. e3 Nhf6 18. Bf1 Rc8 19.
a4 h6 20. Nf3 Ne4 21. a5 Bc6 22. Ba6 bxa5 23. Qc2 Bb7 24. Rxa5 Bxa6 25. Rxa6
Rc7 26. Kg2 Qb4 27. Ra4 Qb7 28. Ra3 Nb6 29. Ne5 Nc4 30. Nxc4 Rxc4 31. Qe2 Nxc3
32. bxc3 Qe7 33. Qa2 Rc7 34. Ra5 g6 35. h4 h5 36. Qa3 Qxa3 37. Rxa3 a5 38. Rxa5
Rxc3 {[#] Close to the finish line the black and white pawns do their best to
form a nice symmetrical pattern.} 39. Ra8+ Kg7 40. Ra5 Kg8 41. Ra8+ Kg7 42. Ra5
Kg8 43. Ra8+ 1/2-1/2

[Event "St Petersburg"]
[Site "St Petersburg"]
[Date "1992.??.??"]
[Round "?"]
[White "Butnorius, Algimantas"]
[Black "Sakaev, Konstantin"]
[Result "0-1"]
[WhiteElo "2425"]
[BlackElo "2500"]
[Annotator "Ftacnik,L"]
[PlyCount "114"]
[EventDate "1992.??.??"]
[EventType "tourn"]
[EventRounds "11"]
[EventCountry "RUS"]
[EventCategory "10"]
[SourceTitle "CBM 030"]
[Source "ChessBase"]
[SourceDate "1992.10.01"]
[SourceVersion "1"]
[SourceVersionDate "1992.10.01"]
[SourceQuality "1"]

1. Nf3 d5 2. d4 c6 3. c4 e6 4. Qc2 Nf6 5. g3 b6 6. Bg2 Bb7 7. O-O Nbd7 8. Rd1
Be7 9. b3 O-O 10. Nc3 Rc8 11. e4 c5 12. exd5 exd5 13. dxc5 (13. Bb2 Qc7 (13...
dxc4 14. d5 $5 Ne8 15. Nb5 a6 16. Na7 Rc7 17. Nc6 Bxc6 18. dxc6 Rxc6 19. Ne5
Rd6 20. Nc6 Rxc6 21. Bxc6 Nd6 22. bxc4 Qc7 23. Bg2 $16 {Kasparov,G-Kamsky,G/
New York exh/1989/}) 14. dxc5 dxc4 15. cxb6 Qxb6 16. Na4 Qa6 17. Qf5 Nc5 18.
Ba3 Nfe4 19. Nxc5 Bxc5 20. Bxc5 Rxc5 21. Qf4 {0,5/Sosonko,G-Herzog,A/Holzoster
am See/1981/}) 13... dxc4 14. b4 a5 (14... bxc5 15. b5 $36) 15. a3 (15. bxa5
bxa5 $15) 15... axb4 16. axb4 bxc5 17. b5 Ra8 18. Rb1 (18. Bf4 Qb6 19. Nd2 Bxg2
20. Kxg2 Qb7+ 21. Kg1 Nb6 $13) 18... Qb6 19. Qe2 (19. Na4 Qa5 20. Nb2 $2 Be4
$19) 19... Bd6 20. Qxc4 Be5 $1 21. Bb2 (21. Nxe5 Nxe5 22. Qf4 Bxg2 23. Kxg2
Qb7+ 24. f3 Rfe8 $36) 21... Qc7 22. Ra1 Nb6 23. Qh4 Rxa1 24. Bxa1 Bxf3 $1 25.
Bxf3 Rd8 26. Qg5 (26. Rxd8+ Qxd8 27. Qg5 Bd4 $36) 26... Rxd1+ 27. Bxd1 h6 28.
Qc1 Qa7 $1 29. Be2 (29. Bb2 Nc4 30. Be2 Nxb2 31. Qxb2 Qa5 $19) 29... Bd4 30.
Bb2 Qe7 31. Bf3 Qe5 32. Nd1 (32. Kg2 Nc4 33. Ba1 Nd7 $17) 32... Qe1+ 33. Kg2
Ne4 34. Bxe4 (34. Bxd4 Nd2 $1 $19) 34... Qxe4+ 35. Kf1 Qd3+ 36. Kg2 Bxb2 37.
Nxb2 Qxb5 38. Nd1 Nd5 39. Kg1 Qd3 $1 40. Nb2 Qd4 41. Nc4 Nc3 42. Qf1 $8 Ne4 43.
Ne3 Qd2 44. Kg2 g6 45. h4 h5 46. Kf3 Qd4 (46... f5 47. Nc4 $17) 47. Qa6 Kg7 48.
Qc6 Nf6 49. Kg2 Ng4 $1 50. Nxg4 hxg4 51. Qb5 c4 52. h5 c3 53. hxg6 c2 54. Qg5
f6 55. Qh5 Qe4+ 56. Kh2 Qxg6 57. Qc5 Qh6+ {Ftacnik,L} 0-1